000
00235 a2200109 4500
001
63507
082
_a
909 DUR
090
_c
37521
_d
37521
100
_a
Durant, A
245
_a
The lessons of History
_h
English
260
_b
PAF Book Club
942
_a
CAE NUST
_k
909 DUR
999
_c
298580
_d
298580